000 00215 a2200097 4500
001 20083
100 _aAvner
245 _aIntroduction to physical metallurgy
260 _a
_bMcGraw -Hill
_c
090 _c14677
_d14677
942 _aNUST-CAE
_cM
_c5199
999 _c255156
_d255156